| 000 | 00751nam a22002057a 4500 | ||
|---|---|---|---|
| 999 |
_c3498 _d3498 |
||
| 005 | 20240129145527.0 | ||
| 008 | 240129b ||||| |||| 00| 0 eng d | ||
| 020 | _a9780241280249 | ||
| 040 | _cKH8 | ||
| 082 | _a428.6 MUR | ||
| 100 |
_aMurray, Helen _eAuthor |
||
| 245 |
_a Stop the stone monsters! / _cHelen Murray |
||
| 260 |
_aNew York, New York, _b DK Publishing, _c2017 |
||
| 300 |
_a24 pages : _bcolor illustrations ; _c24 cm |
||
| 440 | _aDK | ||
| 520 | _aThe five brave Nexo Knights, fitted with new battle suits and enhanced with powers from their digital wizard friend, defend the land of Knighton against a horde of Stone Monsters | ||
| 650 | _aAction and adventure fiction | ||
| 650 | _aAdventure stories | ||
| 942 |
_2ddc _cNFIC |
||